The barn - conversion as villa? (Record no. 62244)
[ view plain ]
| 000 -LEADER | |
|---|---|
| fixed length control field | 00981cam a2200217 4500 |
| 001 - CONTROL NUMBER | |
| control field | ABS61830 |
| 008 - FIXED-LENGTH DATA ELEMENTS--GENERAL INFORMATION | |
| fixed length control field | 000000n1999 000 0 eng u |
| 035 ## - SYSTEM CONTROL NUMBER | |
| System control number | (Sirsi) u103652 |
| 100 ## - MAIN ENTRY--PERSONAL NAME | |
| Personal name | Stenning, D. |
| 245 #4 - TITLE STATEMENT | |
| Title | The barn - conversion as villa? |
| 260 ## - PUBLICATION, DISTRIBUTION, ETC. | |
| Date of publication, distribution, etc. | 1999 |
| 490 ## - SERIES STATEMENT | |
| Series statement | Context |
| Volume/sequential designation | (64) December 1999, 17-18(2) |
| 520 ## - SUMMARY, ETC. | |
| Summary, etc. | Discusses Essex County Council's attempt to deal with the conversion of redundant farm buildings. The author who is the Principal Historic Building and Conservation Officer for Essex County planning Department, argues that because it is impossible to avoid residential conversions, councils should start to view them in more positive terms and regard such conversions as a new house-type rather than an unfortunate compromise. |
| 590 ## - LOCAL NOTE (RLIN) | |
| Local note | ABS |
| 650 ## - SUBJECT ADDED ENTRY--TOPICAL TERM | |
| Topical term or geographic name entry element | BARN CONVERSION |
| 650 ## - SUBJECT ADDED ENTRY--TOPICAL TERM | |
| Topical term or geographic name entry element | REDUNDANT FARM BUILDINGS |
| 650 ## - SUBJECT ADDED ENTRY--TOPICAL TERM | |
| Topical term or geographic name entry element | PLANNING POLICY |
| 650 ## - SUBJECT ADDED ENTRY--TOPICAL TERM | |
| Topical term or geographic name entry element | HISTORIC BUILDINGS |
| 690 ## - LOCAL SUBJECT ADDED ENTRY--TOPICAL TERM (OCLC, RLIN) | |
| Topical term or geographic name as entry element | Planning and development |
| 9 (RLIN) | 6259 |
| 942 ## - ADDED ENTRY ELEMENTS (KOHA) | |
| Suppress in OPAC | 0 |
| Withdrawn status | Lost status | Source of classification or shelving scheme | Damaged status | Not for loan | Home library | Current library | Shelving location | Date acquired | Total Checkouts | Full call number | Barcode | Date last seen | Copy number | Price effective from | Koha item type |
|---|---|---|---|---|---|---|---|---|---|---|---|---|---|---|---|
| Dewey Decimal Classification | London | London | Journal article | 18/01/2000 | ABS61830 | 103652-1001 | 06/08/2019 | 1 | 06/08/2019 | Journal article |